Kangaroo Words Quiz Stats

 Plays Quiz Updated Aug 17, 2017

Also try: Threesome-onyms
Challenge
Share
Tweet
Embed
Score 0/20 Timer 04:00
0 Plays Today
Word Synon-in % Correct
barrenbare
85.4%
lightedlit
83.6%
observesee
83.2%
blossombloom
81%
falsitieslies
70.9%
unsightlyugly
68.7%
respiterest
67%
municipalitycity
66.1%
prematurelyearly
65.8%
scionson
63.5%
Word Synon-in % Correct
perimeterrim
59.5%
amicableamiable
57.4%
jovialityjoy
56.1%
astoundstun
54.1%
transgressionsin
51.7%
curtailcut
50.9%
scoundrelcur
50.4%
departeddead
46.4%
honorablenoble
45.3%
encourageurge
23.9%

You're not logged in!

Compare scores with friends on all Sporcle quizzes.
OR
Log In

You Might Also Like...

Show Comments

Extras

Top Quizzes Today


Score Distribution

Your Account Isn't Verified!

In order to create a playlist on Sporcle, you need to verify the email address you used during registration. Go to your Sporcle Settings to finish the process.

Report this User

Report this user for behavior that violates our Community Guidelines.

Details: